| 000 | 02505cam a22004454a 4500 | ||
|---|---|---|---|
| 001 | 14336773 | ||
| 005 | 20170105102852.0 | ||
| 008 | 060411s2007 enkaf b 001 0 eng | ||
| 010 | _a 2006011708 | ||
| 015 |
_aGBA8E0350 _2bnb |
||
| 016 | 7 |
_a013289546 _2Uk |
|
| 020 | _a0415370027 (hbk.) | ||
| 020 | _a0203029704 (ebk.) | ||
| 020 | _a9780415370028 (hbk.) | ||
| 020 | _a9780203029701 (ebk.) | ||
| 035 | _a(OCoLC)67361087 | ||
| 040 |
_aDLC _cDLC _dBAKER _dNLGGC _dBWKUK _dBTCTA _dOCLCQ _dYDXCP _dYUS _dTJC _dCOO _dUKM _dDLC |
||
| 042 | _apcc | ||
| 043 |
_ae------ _ae-ur--- _an-us--- |
||
| 050 | 0 | 0 |
_aHC59 _b.C245 2007 |
| 082 | 0 | 0 |
_a382.7309 _222 |
| 084 |
_a15.00 _2bcl |
||
| 100 | 1 |
_aCain, Frank, _d1931- |
|
| 245 | 1 | 0 |
_aEconomic statecraft during the Cold War : _bEuropean responses to the US trade embargo / _cFrank Cain. |
| 260 |
_aLondon ; _aNew York : _bRoutledge, _c2007. |
||
| 300 |
_axii, 211 p., [8] p. of plates : _bill. ; _c24 cm. |
||
| 440 | 0 |
_aCass series--Cold War history ; _v13 |
|
| 504 | _aIncludes bibliographical references (p. [205]-207) and index. | ||
| 505 | 0 | _aThe evolution of America's Cold War planning -- America and the European trade embargo -- Expansion of the trade war under the impact of the Korean War -- The firming of Cold War tensions and the effects of the trade war -- America faces European demands for changes to CoCom : pressures from Germany, France and Britain -- American flexibility in conducting economic warfare -- US handling of the European trade expansion -- Dealing with European dissent -- The Johnson years of innovation -- The Johnson-Nixon era in trade controls -- The Nixon administration and the openings to the East -- Nixon and high-technology trade control -- Relaxation of restrictions on communist trading. | |
| 650 | 0 |
_aEconomic history _y20th century. |
|
| 650 | 0 |
_aWorld politics _y1945-1989. |
|
| 650 | 0 |
_aCold War _xEconomic aspects _zEurope. |
|
| 650 | 0 |
_aCold War _xEconomic aspects _zUnited States. |
|
| 650 | 0 |
_aCold War _xEconomic aspects _zSoviet Union. |
|
| 856 | 4 | 1 |
_3Table of contents only _uhttp://www.loc.gov/catdir/toc/ecip0612/2006011708.html |
| 856 | 4 | 2 |
_3Publisher description _uhttp://www.loc.gov/catdir/enhancements/fy0909/2006011708-d.html |
| 906 |
_a7 _bcbc _corignew _d1 _eecip _f20 _gy-gencatlg |
||
| 942 |
_2ddc _cBK |
||
| 999 |
_c14341 _d14341 |
||